Statistics for Top 10 Things To Do In London

Click here to take the quiz!

General Stats

  • This quiz has been taken 157 times
  • The average score is 3 of 10

Answer Stats

Attraction% Correct
3Tower of London
77%
5Big Ben
61%
1British Museum
47%
7Tower Bridge
37%
8Houses of Parliament
31%
10Natural History Museum
28%
4Victoria and Albert Museum
27%
2National Gallery
24%
9St James's Park
6%
6Churchill War Rooms
3%

Score Distribution

Percentile by Number Answered

Percent of People with Each Score

Your Score History

You have not taken this quiz